Statistics for Easy General Knowledge Quiz

Click here to take the quiz!

General Stats

  • This quiz has been taken 51 times
  • The average score is 9 of 10

Answer Stats

HintAnswer% Correct
This country is a large country between Canada and Mexico.The United States of America
100%
This man led Germany in World War II.Adolf Hitler
98%
This animal says meow and purrs.Cat
98%
This planet is (hopefully) the planet that you are taking this quiz from. It is the 3rd from the sun. It is (currently) the only one that can sustain life.Earth
98%
In slope-intercept form, y=_x+bm
96%
This man was the 1st president of the above country.George Washington
93%
The man from above is most well known for his discrimination against this religion.Judaism
87%
This is the prefix for 3. Hint: It is bi for 2. ___cycle.Tri
87%
Finish this saying: The more, the _______merrier
83%
This natural satellite orbits the Earth. It goes through one lunar cycle approximately everyThe moon
74%

Score Distribution

Percentile by Number Answered

Percent of People with Each Score

Your Score History

You have not taken this quiz